LIBRARY & INFORMATION CENTRE, KCAET, TAVANUR

ONLINE PUBLIC ACCESS CATALOGUE (OPAC)

Elementary treatise on coordinate geometry of three dimensions / (Record no. 10591)

MARC details
000 -LEADER
fixed length control field 00515cam a2200181ua 4500
041 ## - LANGUAGE CODE
Language code of text/sound track or separate title eng
082 ## - DEWEY DECIMAL CLASSIFICATION NUMBER
Classification number 516.06
Item number BEL/EL
100 ## - MAIN ENTRY--AUTHOR NAME
Personal name Bell, Robert J T .
245 ## - TITLE STATEMENT
Title Elementary treatise on coordinate geometry of three dimensions /
250 ## - EDITION STATEMENT
Edition statement 3 /
260 ## - PUBLICATION, DISTRIBUTION, ETC. (IMPRINT)
Place of publication Melbourne,London :
Name of publisher MacMillan and Company Limited ,
Year of publication 1960.
300 ## - PHYSICAL DESCRIPTION
Number of Pages 444 :
Other physical details 506 ; .
942 ## - ADDED ENTRY ELEMENTS (KOHA)
Koha item type Books
Holdings
Withdrawn status Lost status Damaged status Home library Current library Date acquired Full call number Accession Number Koha item type
      KAUAET KAUAET 07/04/2012 516.06 3155 Books
      KAUAET KAUAET 07/04/2012 516.06 3156 Books
    Damaged KAUAET KAUAET 07/04/2012 516.06 3157 Books
free website counter